000 00345nam a22001457a 4500
020 _a81-203-1247-3
041 _aENG
100 _aRangaswami .G
245 _aDiseses Of corop Plants IN India
260 _aDelhi
_bPrentics Hall Of India
_c1999
300 _a536
650 _aAgricultural
700 _aMahadevan .A
856 _uAgricultural
999 _c445
_d445